[Event "Edmonton-ch Reserves"]
[Site "Edmonton"]
[Date "2009.01.22"]
[Round "3"]
[White "Dean, Tim"]
[Black "Stark, Mark"]
[Result "1-0"]
[WhiteElo "1935"]
[BlackElo "1975"]
[PlyCount "83"]
[EventDate "2009.01.08"]
[EventType "swiss"]
[EventRounds "7"]
[EventCountry "CAN"]
[SourceTitle "EXT 2011"]
[Source "ChessBase"]
[SourceDate "2010.11.26"]
[SourceVersion "1"]
[SourceVersionDate "2010.11.26"]
[SourceQuality "1"]

1. e4 g6 2. d4 Bg7 3. Be3 c6 4. Qd2 d5 5. e5 f6 6. f4 Nh6 7. Nf3 Bg4 8. Be2 Nd7 9. Ng5 Bf5 10. Nf3 Ng4 11. Bg1 Be4 12. Nc3 Bxf3 13. Bxf3 Nh6 14. Bf2 fxe5 15. fxe5 e6 16. Ne2 0-0 17. h4 c5 18. c3 Nf7 19. h5 Nfxe5 20. dxe5 Nxe5 21. 0-0-0 Qa5 22. Kb1 Nc4 23. Qc2 g5 24. Nc1 Qc7 25. Bg4 Rae8 26. Rhe1 Ne5 27. Bg3 Rf4 28. Bxf4 gxf4 29. Bh3 Qd6 30. b3 Nf7 31. Qd2 Ng5 32. Bg4 d4 33. cxd4 cxd4 34. Ne2 e5 35. Nxf4 e4 36. h6 Be5 37. Ne6 Nxe6 38. Bxe6+ Qxe6 39. Qg5+ Qg6 40. Qxg6+ hxg6 41. Rxe4 d3 42. Rxd3 1-0

[Event "Edmonton op"]
[Site "Edmonton"]
[Date "2008.07.24"]
[Round "4"]
[White "Stark, Mark"]
[Black "Zeggelaar, Mike"]
[Result "1-0"]
[WhiteElo "1955"]
[BlackElo "1735"]
[PlyCount "57"]
[EventDate "2008.07.03"]
[EventType "swiss"]
[EventRounds "5"]
[EventCountry "CAN"]
[SourceTitle "EXT 2011"]
[Source "ChessBase"]
[SourceDate "2010.11.26"]
[SourceVersion "1"]
[SourceVersionDate "2010.11.26"]
[SourceQuality "1"]

1. d4 Nf6 2. c4 e6 3. Nf3 d5 4. g3 Be7 5. Bg2 0-0 6. 0-0 Re8 7. Nc3 c6 8. Nd2 Qb6 9. c5 Qd8 10. e4 dxe4 11. Ndxe4 Nbd7 12. Bf4 Nd5 13. Bd6 Bf6 14. Re1 Nxc3 15. bxc3 e5 16. d5 cxd5 17. Qxd5 Be7 18. Rad1 Nf6 19. Qxe5 Ng4 20. Qd5 Bxd6 21. Nxd6 Be6 22. Rxe6 fxe6 23. Qxb7 Rb8 24. Qf7+ Kh8 25. Nxe8 Qxe8 26. Qxe8+ Rxe8 27. c6 Nf6 28. c7 Nd5 29. Bxd5 1-0

[Event "Canadian op"]
[Site "Edmonton"]
[Date "2005.07.17"]
[Round "10"]
[White "Skylar, Malito"]
[Black "Stark, Mark"]
[Result "1/2-1/2"]
[WhiteElo "1661"]
[BlackElo "1832"]
[PlyCount "81"]
[EventDate "2005.07.09"]
[EventType "swiss"]
[EventRounds "10"]
[EventCountry "CAN"]
[SourceTitle "CBM 107 Extra"]
[Source "ChessBase"]
[SourceDate "2005.09.01"]
[SourceVersion "1"]
[SourceVersionDate "2005.09.01"]
[SourceQuality "1"]

1. e4 c5 2. Nf3 d6 3. d4 cxd4 4. Nxd4 Nf6 5. Nc3 Nc6 6. Be2 e5 7. Nb3 Be6 8. 0-0 d5 9. exd5 Nxd5 10. Nxd5 Bxd5 11. Bb5 a6 12. Bxc6+ Bxc6 13. Qe2 Qd5 14. Qg4 f5 15. Qh3 g6 16. Bg5 Bg7 17. Rad1 Qf7 18. Rd6 0-0 19. Rfd1 Qc4 20. Na5 Qxc2 21. Nxc6 bxc6 22. Bh6 Ra7 23. Bxg7 Kxg7 24. Qe3 Re7 25. Qg5 Rff7 26. h4 f4 27. h5 Re8 28. h6+ Kg8 29. Rd8 Rff8 30. R1d7 Qb1+ 31. Kh2 Rxd8 32. Rxd8 Qf5 33. Qxf5 gxf5 34. Rd6 Rb8 35. b3 e4 36. Rxc6 e3 37. fxe3 fxe3 38. Re6 f4 39. Kh3 Kf7 40. Re4 Rd8 41. Rxf4+ 1/2-1/2

[Event "Canadian op"]
[Site "Edmonton"]
[Date "2005.07.16"]
[Round "9"]
[White "Stark, Mark"]
[Black "Nguyen, Kim"]
[Result "0-1"]
[WhiteElo "1832"]
[BlackElo "2060"]
[PlyCount "102"]
[EventDate "2005.07.09"]
[EventType "swiss"]
[EventRounds "10"]
[EventCountry "CAN"]
[SourceTitle "CBM 107 Extra"]
[Source "ChessBase"]
[SourceDate "2005.09.01"]
[SourceVersion "1"]
[SourceVersionDate "2005.09.01"]
[SourceQuality "1"]

1. d4 Nf6 2. g3 g6 3. Bg2 Bg7 4. Nf3 0-0 5. 0-0 d6 6. c4 Nbd7 7. Nc3 e5 8. e4 exd4 9. Nxd4 Re8 10. Bg5 h6 11. Be3 Nc5 12. f3 c6 13. Qd2 Kh7 14. Rad1 Qe7 15. Nb3 Nxb3 16. axb3 d5 17. Qf2 dxe4 18. Nxe4 b6 19. Nxf6+ Bxf6 20. Bd4 Bxd4 21. Qxd4 c5 22. Qf2 Bb7 23. Rfe1 Qc7 24. f4 Bxg2 25. Kxg2 Rxe1 26. Rxe1 Rd8 27. f5 Qc6+ 28. Kg1 Qd6 29. fxg6+ Kxg6 30. Qc2+ Qd3 31. Qg2 Rd6 32. Qh3 h5 33. Rf1 Re6 34. Qg2 Re4 35. Qh3 Re2 36. Qh4 f5 37. Qf4 Qe3+ 38. Rf2 Qxf4 39. Rxf4 Rxb2 40. Rf3 Kf6 41. h3 Kg5 42. Rd3 h4 43. gxh4+ Kxh4 44. Rf3 a5 45. Kf1 Kg5 46. Ke1 f4 47. Kd1 Kf5 48. Ke1 Ke4 49. Rc3 Rh2 50. Kf1 f3 51. Kg1 Rxh3 0-1

[Event "Canadian op"]
[Site "Edmonton"]
[Date "2005.07.11"]
[Round "4"]
[White "Chi, Megan"]
[Black "Stark, Mark"]
[Result "1/2-1/2"]
[WhiteElo "1502"]
[BlackElo "1832"]
[PlyCount "82"]
[EventDate "2005.07.09"]
[EventType "swiss"]
[EventRounds "10"]
[EventCountry "CAN"]
[SourceTitle "CBM 107 Extra"]
[Source "ChessBase"]
[SourceDate "2005.09.01"]
[SourceVersion "1"]
[SourceVersionDate "2005.09.01"]
[SourceQuality "1"]

1. d4 Nf6 2. c4 e6 3. Nc3 Bb4 4. Bd2 0-0 5. Nf3 d5 6. e3 c6 7. Bd3 Nbd7 8. 0-0 dxc4 9. Bxc4 b5 10. Be2 a6 11. a3 Bxc3 12. Bxc3 Ne4 13. Bb4 Re8 14. Qc2 f5 15. Qxc6 Rb8 16. Qc2 Bb7 17. Rac1 Rc8 18. Qd1 Qf6 19. Bd3 Ng5 20. Be2 Qg6 21. Nxg5 Qxg5 22. g3 Nf6 23. Rxc8 Rxc8 24. Bf3 Nd5 25. Bc5 h6 26. Bg2 Rc7 27. Qd2 Rd7 28. Rd1 Qd8 29. b4 Qa8 30. Rc1 Kh7 31. Qc2 Rc7 32. Qd2 Rc8 33. Qb2 Qb8 34. Qb3 Qc7 35. Qb1 Qc6 36. Re1 Kg8 37. Qb2 Rc7 38. Qb3 Kf7 39. Bxd5 Qxd5 40. Qxd5 Bxd5 41. h3 Bf3 1/2-1/2

[Event "ECC Summer Swiss"]
[Site "Edmonton"]
[Date "2003.07.17"]
[Round "3"]
[White "Karmali, Hafiz"]
[Black "Stark, Mark"]
[Result "1/2-1/2"]
[WhiteElo "2017"]
[BlackElo "1829"]
[PlyCount "81"]
[EventDate "2003.07.03"]
[EventType "swiss"]
[EventRounds "5"]
[EventCountry "CAN"]
[SourceTitle "EXT 2017"]
[Source "ChessBase"]
[SourceDate "2016.10.25"]
[SourceVersion "1"]
[SourceVersionDate "2016.10.25"]
[SourceQuality "1"]

1. e4 e6 2. d4 d5 3. Nd2 Be7 4. Bd3 Nf6 5. e5 Nfd7 6. Ne2 c5 7. c3 Nc6 8. 0-0 cxd4 9. cxd4 0-0 10. Nb3 f5 11. g4 fxg4 12. Nf4 Ndxe5 13. dxe5 Nxe5 14. Be2 Nf3+ 15. Bxf3 gxf3 16. Qxf3 Bd6 17. Kh1 Bxf4 18. Bxf4 Qf6 19. Rac1 Qxf4 20. Qxf4 Rxf4 21. Rc7 Rf7 22. Rfc1 Rxc7 23. Rxc7 Kf8 24. Nd4 e5 25. Nb5 Bh3 26. Nd6 b6 27. Rf7+ Kg8 28. Rf3 Be6 29. Re3 e4 30. f3 Rd8 31. Nb5 Bf5 32. Nd4 Bg6 33. Kg2 exf3+ 34. Kxf3 Rf8+ 35. Kg3 Be4 36. Rc3 h6 37. Ne6 Rf7 38. Rc8+ Kh7 39. Nf8+ Kg8 40. Ne6+ Kh7 41. Nf8+ 1/2-1/2